Score 0/16 Timer 05:00
15 Plays Today
Hint Answer % Correct
What capital city of Italy completely surrounds the country of Vatican City?Rome
95.5%
Bonn, Cologne and Arnhem all stand on which river?Rhine
90.2%
What country is the largest in the world by land area?Russia
88.7%
Which country is home to the historical region of Transylvania?Romania
86.4%
Which city is the second-largest city in the Netherlands and one of the largest ports in the world?Rotterdam
85.4%
Which city is the capital of Iceland and the northernmost capital in the world?Reykjavik
80.4%
What is the largest and capital city of Latvia?Riga
80.2%
Which Greek island used to contain one of the 'Seven Wonders of the Ancient World'?Rhodes
75.8%
Hint Answer % Correct
Which river begins in Switzerland, flows through Southern France, and empties into the Mediterranean Sea?Rhône
69%
In which town in Warwickshire, England was a form of football allegedly invented in 1823?Rugby
61.8%
What name is given to the area in the west of Germany that consists of several large industrial cities?Ruhr
49.2%
Which city in the Champagne-Ardenne region of France was the traditional site of the crowning of French monarchs?Reims
40%
Which large town is the county town of the ceremonial county of Berkshire England?Reading
36.8%
What is the capital city of the region of Normandy in France?Rouen
35.9%
Which city and capital of the Southern Federal District in Russia stands on the river Don?Rostov-on-Don
30.2%
What is the name for the megalopolis comprised of the four largest cities in the Netherlands?Randstad
12.3%
Remove Ads.
Support Sporcle.
Get the best of Sporcle when you Go Orange. This ad-free experience offers more features, more stats, and more fun while also helping to support Sporcle. Thank you for becoming a member.

You're not logged in!

Compare scores with friends on all Sporcle quizzes.
OR
Log In

Show Comments

Extras

Top Quizzes Today


Score Distribution

Your Account Isn't Verified!

In order to create a playlist on Sporcle, you need to verify the email address you used during registration. Go to your Sporcle Settings to finish the process.

Report this User

Report this user for behavior that violates our Community Guidelines.

Details: